000
00335nam a2200133 4500
008
191022s2018||||xo d
245
1
0
_a
Dejiny slovenského divadla I.
250
_a
1.vydanie
260
_b
Divadelný ústav
_a
Bratislava
_c
2018
300
_a
731s.
020
_a
9788081900936
_c
26,60
041
1
_a
slo
044
_a
xo
_c
SK
999
_c
22748
_d
22748